| 000 | 00460nam a22001575i 4500 | ||
|---|---|---|---|
| 001 | 171403 | ||
| 003 | ES-MaACL | ||
| 005 | 20230906214626.0 | ||
| 008 | 090513s1919 xxk |||| | eng d | ||
| 100 | 1 |
_aSófocles. _9107023 |
|
| 245 | 1 | 4 |
_aThe Ajax of Sophocles / _ctranslated by R. C. Trevelyan. |
| 260 |
_aLondon : _bG. Allen & Unwin, _c1919. |
||
| 300 |
_a58 p. ; _c19 CM. |
||
| 700 | 1 |
_aTrevelyan, Robert Calverley. _9140120 |
|
| 852 |
_aES-MaACL _jF-10291 |
||
| 999 |
_c171403 _d171403 |
||